Baudelaire
Uloženo v:
| Hlavní autor: | |
|---|---|
| Médium: | Kniha |
| Jazyk: | španělština |
| Vydáno: |
Buenos Aires
Losada
1968
|
| Vydání: | 3a. ed |
| Edice: | Biblioteca de Estudios Literarios
|
| Témata: | |
| Tagy: |
Přidat tag
Žádné tagy, Buďte první, kdo vytvoří štítek k tomuto záznamu!
|
MARC
| LEADER | 00000nam a2200000 a 4500 | ||
|---|---|---|---|
| 001 | UCP4534 | ||
| 003 | CL-VaPUC | ||
| 008 | 990806e19680000AG |||||||||||||||||spa|d | ||
| 082 | 0 | 4 | |a 844 |b SAR |2 21 |
| 100 | 0 | |a Sartre, Jean-Paul |e author |9 269377 | |
| 245 | 1 | 0 | |a Baudelaire |
| 250 | |a 3a. ed | ||
| 300 | |a 160 p | ||
| 942 | |c BK | ||
| 945 | |d 19990806 00:00:00 |a rbrito | ||
| 260 | |a Buenos Aires |b Losada |c 1968 | ||
| 650 | 0 | |a Ensayos franceses |9 265511 | |
| 583 | |a last modification |c 20111130 10:32:57 |k Rodrigo Vera | ||
| 490 | 0 | |a Biblioteca de Estudios Literarios | |
| 999 | |c 282469 |d 282467 | ||
| 952 | |0 0 |1 0 |4 0 |6 844_000000000000000_SAR_1968 |7 0 |8 A |9 324255 |a BIBEDU |b BIBEDU |d 2019-11-20 |i 3546497 |o 844 SAR 1968 |p 3546497 |r 2019-11-20 |w 2019-11-20 |y BK |k LIT | ||